000 00518nam a2200193Ia 4500
005 20221220105920.0
008 131103s9999 xx 000 0 und d
020 _a229602748
040 _aLoreto College
041 _aEnglish
082 _a813.52
_bHEM
100 _aHemingway,Ernest
245 4 _aThe first forty - nine stories
_cErnest Hemingway
260 _aLondon
_bJonathan Cape
_c1944 (1972 printing)
300 _a414 p.
650 _aAmerican Fiction - 20th Century
850 _aLCLIB
942 _cBK
999 _c11905
_d62384